Fotbalové superhvězdy. Yamal válí /

Uloženo v:
Série:Fotbalové superhvězdy, část
Hlavní autor: Mugford, Simon (Autor)
Další autoři: Green, Dan, 1975 červ. 20.- (Autor), Bičíková, Zuzana (Ilustrátor)
Médium: Kniha
Jazyk:Czech
Vydáno: Praha : Slovart, 2026
Vydání:Vydání první
Celkem bylo vypůjčeno:0x
Příbuzné jednotky:Přeloženo z: Football superstars
Z cyklu:: Fotbalové superhvězdy
Tagy:
Žádné tagy
LEADER 01683cam a22004337i 4500
001 106439
005 20260602122654.0
007 ta
008 250818s2026 xr a c 000 0bcze d
020 |a 9788027614769  |q (brožováno) :  |c Kč 199,00 
040 |a UOG502  |b cze  |e rda 
041 1 |a cze  |h eng 
072 7 |a 796  |x Sport. Hry. Tělesná cvičení  |2 Konspekt 
072 7 |a 0/9-053.2  |x Literatura pro děti a mládež (naučná)  |2 Konspekt 
100 1 |a Mugford, Simon  |7 xx0038792  |4 aut  |9 114383 
240 1 0 |a Yamal rules.  |l Česky 
245 1 0 |a Fotbalové superhvězdy.  |p Yamal válí /  |c Simon Mugford, Dan Green ; z anglického originálu Football superstars: Yamal rules .... přeložila Zuzana Bičíková 
246 3 0 |a Yamal válí 
246 3 0 |a Yamal 
250 |a Vydání první 
264 1 |a Praha :  |b Slovart,  |c 2026 
300 |a 128 stran :  |b ilustrace ;  |c 20 cm 
336 |a text  |b txt  |2 rdacontent 
336 |a statický obraz  |b sti  |2 rdacontent 
337 |a bez média  |b n  |2 rdamedia 
338 |a svazek  |b nc  |2 rdacarrier 
500 |a Text Simon Mugford, ilustrace Dan Green 
500 |a Obálkový podnázev: fakta, příběhy, čísla 
500 |a Terminologický slovník 
500 |a Chronologický přehled 
521 1 |a 7+ 
700 1 |a Green, Dan,  |d 1975 červ. 20.-  |7 xx0160643  |4 ill  |9 24047 
700 1 |a Bičíková, Zuzana  |7 kv2016900435  |4 trl  |9 28834 
765 0 |t Football superstars 
787 0 8 |i Z cyklu:  |t Fotbalové superhvězdy 
910 |a UOG502 
942 |2 ddc  |c KN 
999 |d 106439 
993 |0 0  |1 421180107153  |2 ddc  |4 0  |6 796_000000000000000  |7 0  |9 99866  |b 0  |c 107153  |d 2026-06-02  |e 0  |f M  |g 796  |h 199.00  |i Koupě  |l M  |r 2026-06-02  |t 7  |w 2026-06-02  |y KN  |z NAUCNA  |n